[Event "Match 82__120'/40"]
[Site "Zürich"]
[Date "2025.??.??"]
[Round "17"]
[White "Scorpio 68000 sel. 4"]
[Black "Mephisto Explorer Pro"]
[Result "0-1"]
[Annotator "9-8 for Scorpio"]
[WhiteElo "2043"]
[BlackElo "2016"]
[WhiteFideId "-1"]
[BlackFideId "-1"]
[PlyCount "63"]
[GameId "543093490140"]
[EventDate "2025.10.05"]
[EventType "match"]
[EventRounds "50"]

{[%evp 0,63,32,13,62,27,33,5,7,32,22,-14,-13,-22,-32,-44,6,-14,-12,-36,2,6,-5,-54,-47,-35,-23,-67,-22,-44,-54,-110,33,-116,-107,-117,-117,-154,-156,-228,-270,-262,-307,-271,-252,-248,-237,-245,-245,-299,-325,-325,-636,-704,-728,-741,-743,-746,-745,-742,-764,-763,-771,-772,-788,-778]} 1. d4 {Match Nr. 82 mit 120'/40 | Bediener: Rolf Bühler | Kommentator: Kurt Utzinger | 17. Partie: Schwarz (Mephisto Explorer Pro 4) gewinnt | Zwischenstand: 9-8 für Scorpio 68000 sel. 4 | Stand hypothetisch: 10-7 für Mephisto Explorer Pro | Eröffnung: Sizilianisch, Morra Gambit | Buchzüge 3 (90) von Scorpio; 2 (75) von Mephisto Explorer Pro | Partieverlauf: In einer wahrhaft für beide Programme undurchsichtigen Partie häufen sich die gegenseitigen Fehler am Laufmeter. Am Ende heisst der glückliche Sieger Mephisto Explorer Pro.} c5 $14 {***ENDE BUCH***} 2. e4 cxd4 3. Nf3 $11 {***ENDE BUCH***} e5 4. Bc4 Qc7 5. Nbd2 $6 {Nach dieser zahmen Fortsetzung liegt der Vorteil klar bei Schwarz.} Bb4 {Das ist nicht die beste Wahl.} ({Stockfish dev-20251014-75edbee0:} 5... Be7 {-/+ (-1.60) (5% +0% =10% -90%) Depth: 42/75} 6. Qe2 Nf6 7. Nf1 O-O 8. Ng3 d6 9. Bd2 a6 10. a4 Nbd7 11. O-O Nc5 12. c3 dxc3 13. Bxc3 Be6 14. Bxe6 Nxe6 15. Nf5 Rfe8 16. Nxe7+ Rxe7 17. Rfe1 Rd8 18. a5 Nf4 19. Qf1 Ng6 20. g3 h6 21. h4 Qc8 22. Rad1 Red7 23. Nh2 Ne7 24. Qe2 Rc7 25. Nf1 h5 {[%eval -160,42] [%wdl 0,102,898]}) 6. Qe2 {Die aggressivste Engine der Welt, Patricia 5.0 xtremeEAS, spuckt die folgende, ausgleichende Opfervariante aus:} ({Patricia 5.0 xtremeEAS:} 6. c3 dxc3 7. bxc3 Bxc3 8. O-O Bxa1 9. Ba3 Nc6 10. Qxa1 d6 11. Bd5 Nge7 12. Nc4 O-O 13. Bxd6 Qd8 14. Rd1 Nd4 15. Nxd4 exd4 16. Rxd4 Nxd5 17. Bxf8 Qxf8 18. exd5 b5 19. Ne5 Qd6 20. Rd1 f6 21. Nc6 Bd7 22. Qc3 Bxc6 23. Qxc6 Qxc6 24. dxc6 Rc8 25. Rd6 Kf8 26. f4 f5 27. Rd7 Rxc6 28. Rxa7 Rc4 29. Ra5 Rb4 30. a3 Rb1+ 31. Kf2 g6 32. Ra7 Rb2+ 33. Kg3 h6 34. Ra6 Rb3+ {[%eval -7,41]}) 6... Nf6 $17 {Für seinen geopferten Bauern hat Weiss keine Kompensation.} 7. a3 Bc5 8. Nb3 d6 9. Bg5 O-O $2 $11 {Schwarz lässt sich die Bauernstruktur am Königsflügel zerschlagen und wirft so seinen Vorteil weg.} ({Besser} 9... Nbd7 10. O-O (10. Rc1 h6 11. Bxf6 Nxf6 12. Bb5+ Ke7 13. c3 dxc3 14. Rxc3 a6 15. Bd3 Be6 16. Nxc5 dxc5 17. Bc4 Bg4 $17) 10... h6 11. Bh4 Nh5 12. Rfc1 a6 13. c3 d3 $5 14. Bxd3 Ba7 15. c4 a5 16. Bc2 O-O 17. Nbd2 g5 18. Bg3 Ndf6 19. Rf1 Be6 20. Rac1 Kg7 21. Bd3 Rac8 22. Rc2 a4 $17) 10. Bxf6 gxf6 $11 {Es steht wieder ausgeglichen. Wie sich auch in der Folge zeigt, sind beide Programme mit diesem Stellungstyp überfordert.} 11. Bd5 Be6 12. O-O Nd7 {Es "droht" ...f5.} 13. Nbd2 $6 $15 (13. Nh4 $1 $11) 13... Bb6 ({Mit} 13... f5 {kann Schwarz die Initiative ergreifen.} 14. Ng5 Bxd5 15. Qh5 Nf6 16. Qh6 fxe4 17. Qxf6 Rae8 $15) 14. Rac1 $2 {Weiss hätte seinen starken Ld5 mit 14.c4 festigen sollen.} f5 $1 $17 {Jetzt steht Schwarz besser.} 15. c3 $6 $19 {[%mdl 32768] Auch hier verdient 15.c4 den Vorzug, obwohl Weiss auch damit das Gleichgewicht nicht mehr herstellen kann, wie die Bewertung zeigt: -0.89(30%)/64} ({PROMENADE-bmi2:} 15. c4 {-0.89(30%)/64} Qd8 16. Bxb7 Rb8 17. exf5 Bxf5 18. Be4 Bxe4 19. Nxe4 f5 20. Nxd6 e4 21. b4 d3 22. Qd2 Qf6 23. c5 Bc7 24. Qa2+ Kh8 25. Nd2 Bxd6 26. cxd6 Qxd6 27. Qa1+ Kg8 28. Rc4 Rbe8 29. Rfc1 Qh6 30. Qa2 Qe6 31. Qb2 Ne5 32. Rc5 Rf7 33. h3 Ng6 34. Rc6 Qd7 35. Rc7 Qxc7 36. Rxc7 Rxc7 37. Qd4 Ne5 38. Qe3 Rc2 39. b5 Nf7 40. a4 Re5 41. Kh2 h5 42. Nf1 Rcc5 43. Qg3+ Kf8 44. Qe3 h4 45. Qd2 Rc4 46. f4 Rd5 47. Ne3 Rcd4 48. g4 hxg3+ 49. Kxg3 Rc5 50. Qb2 Rxa4 51. h4 Ra5 52. Qd4 Raxb5 53. h5 Ke7 54. h6 Nxh6 {[%eval -89,64] [%wdl 1,601,398]}) 15... Rfc8 $2 $16 {Mit diesem schlechten Zug wendet sich das Pendel zugunsten von Weiss. Durch 15...fxe4 konnte Schwarz den Siegespfad einschlagen.} ({PROMENADE-bmi2:} 15... fxe4 16. Bxe4 d5 17. Bd3 Qd6 18. cxd4 e4 19. Nxe4 dxe4 20. Qxe4 f5 21. Qxb7 Nf6 22. Bc4 Bxc4 23. Rxc4 Rad8 24. Qc6 Qxc6 25. Rxc6 Bxd4 26. Nxd4 Rxd4 27. Rfc1 Rf7 28. b4 Rd3 29. R6c5 Ne4 30. Rc8+ Kg7 31. a4 Rfd7 32. Kf1 Kg6 33. R8c7 Rd1+ 34. Rxd1 Rxc7 35. f3 Nf6 36. Rd6 Rc1+ 37. Kf2 Rc4 38. Ra6 Rxb4 39. Rxa7 Rb2+ 40. Kg1 Nd5 41. g3 Ne3 42. Re7 Nc4 43. h4 h5 44. Re6+ Kf7 45. Rh6 Ne5 46. Kf1 Nxf3 47. Rxh5 Kf6 48. Rh8 Ra2 49. Ra8 Nh2+ 50. Ke1 Ra3 51. a5 Rxg3 52. Kd1 f4 53. Rf8+ Ke5 {[%eval -181,47] [%wdl 0,44,956]}) 16. Ng5 $2 $15 {Erneute Kehrtwende zugunsten von Schwarz.} ({Richtig} 16. Bxe6 $1 fxe6 17. exf5 d3 18. Qxd3 Nc5 19. Qc2 exf5 20. Qxf5 $16) 16... Bxd5 {[#]} 17. exd5 $19 {[%mdl 32768] Das ***VERLIERT***, bzw. sollte verlieren.} ({Gut war} 17. Qh5 Nf6 18. Qh6 Qe7 19. exd5 e4 $15) 17... h6 $2 {Fortsetzung von beidseits mangelhaften Zügen.} ({PROMENADE-bmi2:} 17... Nf6 {-2.19(0%)/45} 18. Qf3 Qd7 19. Qh3 dxc3 20. Rxc3 Rxc3 21. bxc3 Kg7 22. Nc4 h6 23. Nf3 Nxd5 24. Nh4 Ne7 25. Ne3 Kf6 26. Qf3 Qe6 27. g3 Rc8 28. c4 Bxe3 29. Qxe3 f4 30. Qxa7 Qd7 31. gxf4 Rxc4 32. fxe5+ dxe5 33. Ng2 Nf5 34. Ne3 Nh4 35. Qb6+ Kg5 36. Kh1 Qc6+ 37. Qxc6 Rxc6 38. h3 f5 39. Nd5 Nf3 40. Kg2 e4 41. Kg3 h5 42. h4+ Nxh4 43. f4+ exf3 44. Nf4 Rc4 45. Nh3+ Kf6 46. Nf4 Ng2 47. Nxh5+ Kg5 48. Kxf3 {[%eval -219,44] [%wdl 0,6,994]}) {[#]} 18. Nh3 $2 $19 {[%mdl 32768] Weiss stolpert wieder in den ***VERLUST*** Bewertung zugunsten von Schwarz: -+ (-2.91) (0% +0% =0% -100%) Depth: 48/75} ({Nur mit} 18. Qh5 hxg5 19. Qxg5+ Kf8 20. Qxf5 $15 {konnte Weiss noch Widerstand leisten.}) 18... Nf6 $1 19. cxd4 {Nichts hilft Weiss mehr.} Qxc1 20. Rxc1 Rxc1+ 21. Nf1 exd4 22. Qd2 Rac8 23. Qxh6 d3 {Ein für Weiss tödlicher Freibauer.} 24. Qg5+ Kf8 25. g3 Ne4 26. Qh6+ Ke7 27. Kg2 {Weiss befreit seinen Springer von der Fesslung. Aber es ist zu spät.} Rxf1 $1 {Schwarz macht nun kurzen Prozess mit dem Gegner.} 28. Kxf1 d2 29. Ke2 Rc1 30. Qxd2 Nxd2 31. Kxd2 Rh1 32. b4 {***AUFGEGEBEN***} 0-1

[Event "Match 82__120'/40"]
[Site "Zürich"]
[Date "2025.??.??"]
[Round "18"]
[White "Mephisto Explorer Pro"]
[Black "Scorpio 68000 sel. 4"]
[Result "1-0"]
[Annotator "9-9 Ausgleich"]
[WhiteElo "2016"]
[BlackElo "2043"]
[WhiteFideId "-1"]
[BlackFideId "-1"]
[PlyCount "110"]
[GameId "543093490141"]
[EventDate "2025.10.05"]
[EventType "match"]
[EventRounds "50"]

{[%evp 0,110,35,18,18,8,61,57,57,48,62,52,50,9,51,47,106,66,132,134,132,141,143,134,132,123,123,126,162,162,150,147,153,98,106,83,83,78,79,79,79,61,68,68,76,76,81,81,166,166,146,146,146,139,201,169,201,129,135,135,155,142,239,159,140,154,153,154,170,141,170,186,196,149,149,149,207,158,149,158,149,156,216,165,220,215,354,335,335,245,245,238,501,451,451,462,846,857,857,868,837,763,792,837,1652,1674,1859,1007,29971,29972,29973,29974,29975]} 1. e4 e5 {Match Nr. 82 mit 120'/40 | Bediener: Rolf Bühler | Kommentator: Kurt Utzinger | 18. Partie: Weiss (Mephisto Explorer Pro 4) gewinnt | Zwischenstand: 9-9 Ausgleich | Stand hypothetisch: 11-7 für Mephisto Explorer Pro | Eröffnung: Philidor Verteidigung | Buchzüge 5 (95) von Scorpio; 5 (80) von Mephisto Explorer Pro | Partieverlauf: Auf den harmlosen Doppelangriff mit 6.Sg5 gegen den Punkt f7 agiert der Scorpio 68000 sel. 4 falsch und gerät in dauerhafte Schwierigkeiten. Davon kann er sich nicht mehr erholen und kassiert eine verdiente Niederlage.} 2. Nf3 d6 3. d4 Nf6 4. Nc3 Nbd7 5. Bc4 $14 {***ENDE BUCH***} Be7 $14 {***ENDE BUCH***} 6. Ng5 {Der bekannte Einschlag 6.Lxf7+ gilt als vorteilhaft für Schwarz.} (6. Bxf7+ $2 Kxf7 7. Ng5+ Kg8 8. Ne6 Qe8 9. Nxc7 Qg6 10. Nxa8 Qxg2 11. Rf1 exd4 $17 {0-1 (34) Kravtsiv,M (2598)-Jobava,B (2578) Chess.com INT 2023}) 6... d5 $2 {Eine unkonventionelle Fortsetzung, die nicht zu empfehlen ist. Üblich ist die kurze Rochade 6...0-0. Der Textzug trägt bereits den Keim des Verlusts in sich.} (6... O-O 7. Bxf7+ {Das scheint gerade noch spielbar zu sein.} Rxf7 8. Ne6 Qe8 9. Nxc7 Qd8 10. Nxa8 b5 11. dxe5 (11. f3 Ba6 12. a4 {Engine} b4 13. Nb5 $11) 11... dxe5 12. Nd5 Bd6 $11 {0-1 (41) Van Foreest,J (2693)-Bortnyk,O (2607) Chess.com INT 2023}) 7. Nxd5 $1 Nxd5 8. Bxd5 {[#]} Bxg5 $2 $18 {[%mdl 2] So stolpert Schwarz in den ***VERLUST***, weshalb die kurze Rochade deutlich besser war.} 9. Qh5 g6 10. Qxg5 Qxg5 11. Bxg5 c6 12. Bc4 (12. Bb3 {ist noch genauer, weil der Läufer keinem künftigen Angriff mit ...Sb6 oder ...b5 ausgesetzt wird.} exd4 13. O-O-O {+- 2.21(100%)/45 und Schwarz wird erfolglos gegen die Niederlage ankämpfen.}) 12... exd4 13. O-O-O h6 14. Bf4 c5 15. b4 {Eine unangenehme Anrempelung, obwohl 15.Ld6 gar einen Tick stärker war.} Nb6 {+- 2.64(100%)/46} 16. Bb5+ {Nicht am besten; die Bewertung sinkt auf +- 1.76(99%)/46} Bd7 17. Bxd7+ Nxd7 18. bxc5 Nxc5 19. Be5 O-O 20. Bd6 Rfc8 21. Rxd4 $16 {Nun besitzt Weiss einen gesunden Mehrbauern.} Ne6 22. Rd2 Rc4 23. f3 f5 $2 {Das schwächt unnötig die schwarze Bauernstruktur.} 24. exf5 gxf5 25. Re1 $18 {Weiss steht wieder auf Gewinn.} Kf7 26. Ba3 Rc7 27. Re5 f4 28. g3 fxg3 29. hxg3 Rg8 30. Rd6 Re7 31. Rd3 Rc7 32. f4 Rgc8 33. Kd1 Ng7 (33... Rxc2 $2 34. Rd7+ Kf6 35. Be7+ Kg6 36. Rxe6+ {und aus ist die Maus}) 34. g4 Ne8 35. Bb2 b6 (35... Rxc2 $2 {war wiederum verboten} 36. Rd7+ Kf8 37. Ba3+ Kg8 38. Rxe8+ Rxe8 39. Kxc2 $18) 36. Rf5+ Kg8 37. Rd2 Rc4 38. Rd7 R8c7 39. Rd8 Rc8 40. Rd2 Ra4 41. a3 Rac4 42. Be5 Ra4 43. Rd3 Rac4 44. Rh5 R4c6 45. g5 Rxc2 (45... hxg5 46. Rd7 Nf6 47. Rxg5+ Kf8 48. Rf5 Ke8 49. Rxa7 $18) 46. Rxh6 {Es steht absolut hoffnungslos für Schwarz.} Rc1+ 47. Ke2 R1c6 48. Rh8+ {Die Engine sieht bereits ein Matt in 17 Zügen.} Kf7 49. f5 {droht Td7 Matt} Nf6 {Alles andere ist noch schlechter.} 50. Rxc8 Rxc8 51. Bxf6 Re8+ 52. Kf3 Re1 53. Rd6 Kf8 54. g6 Re8 55. Rd7 {Es wird Matt in 7 Zügen} Rc8 {***AUFGEGEBEN***} 1-0

[Event "Match 82__120'/40"]
[Site "Zürich"]
[Date "2025.??.??"]
[Round "19"]
[White "Scorpio 68000 sel. 4"]
[Black "Mephisto Explorer Pro"]
[Result "1-0"]
[Annotator "10-9 for Scorpio"]
[WhiteElo "2043"]
[BlackElo "2016"]
[WhiteFideId "-1"]
[BlackFideId "-1"]
[PlyCount "114"]
[GameId "543093490142"]
[EventDate "2025.10.05"]
[EventType "match"]
[EventRounds "50"]

{[%evp 0,112,12,15,26,9,14,-6,38,39,32767,43,42,25,41,60,78,87,108,32767,133,72,164,124,125,112,66,32767,32767,111,237,257,193,224,293,100,32767,109,176,92,130,90,32767,32767,32767,105,175,142,110,104,206,236,236,220,204,144,140,116,121,97,32767,110,118,108,111,88,103,90,32767,95,95,98,98,95,86,84,32767,97,109,108,118,116,130,32767,32767,123,139,149,187,177,382,32767,32767,469,299,481,502,506,545,499,32767,515,577,570,517,572,593,32767,32767,1002,1012,1032,1002,1032,29983]} 1. e4 {Match Nr. 82 mit 120'/40 | Bediener: Rolf Bühler | Kommentator: Kurt Utzinger | 19. Partie: Weiss (Scorpio) gewinnt | Zwischenstand: 10-9 für Scorpio 68000 sel. 4 | Stand hypothetisch: 11-8 für Mephisto Explorer Pro | Eröffnung: Caro Kann Verteidigung | Buchzüge 5 (100) von Scorpio; 1 (81) von Mephisto Explorer Pro | Partieverlauf: Schwarz agiert nach Buchende schlecht und befindet sich nach nur 9 Zügen bereits im Elend. Zwar lässt der Scorpio 68000 sel. 4 seinen Gegner mehrmals wieder entwischen. Doch ist das Turmendspiel mit weissem Mehrbauer für beide zu schwierig, so dass Fehler passieren und Weiss erneut zu gewonnenen Stellungen kommt. Als der Mephisto Explorer Pro dann gar den Turmtausch zulässt, bringt das Programm von David Kittinger den vollen Punkt mühelos ins Trockene.} c6 $11 {***ENDE BUCH***} 2. c4 e5 (2... d5 3. exd5 cxd5 {ist eine andere Variante}) 3. d4 Bb4+ 4. Bd2 Bxd2+ 5. Qxd2 $14 {***ENDE BUCH***} Nf6 6. Nc3 $14 exd4 $6 {Bei dieser Struktur sollte Schwarz sein Zentrum mit 6...d6 halten.} 7. Qxd4 $16 {Und schon steht Weiss klar besser: Vorteil im Zentrum, günstigere Bauernstruktur, mehr Raum, raschere Entwicklung möglich.} O-O 8. O-O-O {Wahrscheinlich ist 8.e5 noch etwas stärker.} b5 $2 $18 {[%mdl 2] Ein menschlich anmutender Verzweiflungszug.} 9. e5 Ne8 {[#]Eine traurige Stellung für Schwarz nach nur 9 Zügen.} 10. c5 $6 {Ein falscher Ansatz, kann doch dieser Bauer anfällig werden. Stockfish 17.1 zeigt einen möglichen Gewinnweg.} ({Stockfish 17.1:} 10. Nf3 {+- 2.91(100%)/50} Na6 11. cxb5 cxb5 12. Bxb5 Nec7 13. Bxd7 Bxd7 14. Qxd7 Qb8 15. Ng5 h6 16. Nge4 Ne6 17. Qb5 Qxb5 18. Nxb5 Nb4 19. Kb1 Nc6 20. Rd5 Nf4 21. Rc5 Nb4 22. Rd1 Nbd3 23. Rc2 Nxe5 24. g3 Ne6 25. f4 Ng4 26. Re2 h5 27. f5 Rfd8 28. Rdd2 Rxd2 29. Rxd2 Nf8 30. a4 Ne3 31. Nbd6 Nd7 32. Nxf7 Nb6 33. Nfd6 Nxa4 34. Ka1 {[%eval 291,50] [%wdl 1000,0,0]}) 10... f6 $2 $18 {Ein taktischer Fehler, der die Stellung noch weiter schwächt. Der weisse Vorteil ist bereits entscheidend.} 11. Nf3 {Hier war 11.Lxb5 gar noch stärker.} (11. Bxb5 d5 (11... cxb5 12. Qd5+ Kh8 13. Qxa8 $18) 12. cxd6 cxb5 (12... fxe5 13. Bc4+ Kh8 14. Qxe5 $18) 13. Qd5+ Rf7 14. e6 Bxe6 15. Qxa8 $18) 11... fxe5 12. Qxe5 {Und hier verfehlt Weiss die stärkere Lösung mit 12.Sxe5 +-} Qc7 $16 {Nun steht Weiss nur noch klar besser.} 13. Qe7 {Erneut nicht am besten.} (13. Qd4 $1 Qf4+ 14. Qxf4 Rxf4 15. Bd3 Nc7 16. Ne4 {und die schwarzen Überlebenschancen sind gering.}) 13... Nf6 14. Ne5 {+/- (1.51) (94% +89% =11% -0%) Depth: 43/72} Nd5 $2 $18 {Schwarz begeht ***SELBSTMORD***} ({besser} 14... Na6 {+- (1.76 --) (98% +96% =4% -0%) Depth: 42/66}) 15. Nxd5 cxd5 16. Bxb5 $18 {Die Partie ist entschieden, wie die beste Verteidigung 16...Lb7 zeigt:} Ba6 ({PROMENADE-bmi2:} 16... Bb7 {+- 4.46(100%)/43} 17. Rhe1 Nc6 18. Qxd7 Qxd7 19. Nxd7 Rf5 20. f3 Rd8 21. Re6 Rxd7 22. Bxc6 Bxc6 23. Rxc6 Kf7 24. Kc2 Rb7 25. Rd2 Rh5 26. h3 a5 27. b3 Rf5 28. Rb6 Rxb6 29. cxb6 Ke6 30. b4 a4 31. Kd3 Kd6 32. Rc2 Rf8 33. b5 Rb8 34. Rc6+ Ke5 35. h4 h5 36. Kc3 a3 37. Kb4 {[%eval 446,42] [%wdl 1000,0,0]}) 17. Bxd7 {Weiss gibt sich mit einem dritt- oder viertbesten Zug zufrieden. Allerdings bleibt die schwarze Stellung danach nur etwas weniger hoffnungslos.} ({stärker} 17. Rd3 $1 Qd8 (17... Bxb5 $2 18. Rg3 $1 $18) 18. Qd6 Qg5+ 19. Re3 Qxg2 20. Rhe1 Rf6 (20... Bxb5 21. Rg3 Qxf2 22. Qxd5+) 21. Qe7 Bxb5 22. Rg3 Qxg3 23. hxg3 $18) ({oder} 17. Ba4 Bc4 18. Nxc4 dxc4) 17... Nxd7 18. Qe6+ ({Genauer ist} 18. Rxd5 Rae8 19. Qxd7 Qxd7 20. Nxd7 Rxf2 21. Rhd1 $18) 18... Kh8 19. Nxd7 Rxf2 20. Qxd5 $2 {Logisch aus Sicht unserer Oldies, aber vergibt den grössten Teil seines Vorteils. Aber die Gewinnvariante 20.Dxa6 der übermächtigen Engine wäre für unsere alten Schätze gar nicht klar. Man sehe die riesigen Unterschiede in der Bewertung am Ende der folgenden Variante.} (20. Qxa6 Qxd7 21. Rhf1 Rxg2 22. Qd6 Qe8 23. Qxd5 Rxh2 24. Rfe1 Qf8 25. Kb1 {+- 3.25(100%)/41 Diese Gewinnstellung aus Enginesicht beurteilen die beiden Programme wie folgt: Scorpio 68000 sel. 4 meint 00.08 für Schwarz / GK 2100 (Original des Explorer Pro Clones) meint -0.1 für Schwarz.}) 20... Rc8 $2 {[%mdl 2] Verpasst 20...Td8, wonach der weisse Vorteil nur noch sehr gering wäre.} ({PROMENADE-bmi2:} 20... Rd8 {+= 0.47(54%)/56} 21. Qd4 Rxg2 22. Rhe1 Bb5 23. Qe4 Rf2 24. Rd2 Rf4 25. Qe5 Rc4+ 26. Kb1 Qc8 27. Qe6 h6 28. Rg1 Qb7 29. Rd6 Qe4+ 30. Qxe4 Rxe4 31. Ne5 Rc8 32. Rd5 Kg8 33. b3 Re2 34. a4 Be8 35. Rg3 Rxh2 36. Rc3 Re2 37. c6 Kf8 38. b4 Re4 39. b5 Rxa4 40. Kc2 Ke7 41. Nd7 Bg6+ 42. Kb2 Re4 43. Rg3 Be8 44. Rxg7+ Ke6 45. Rc5 Kd6 46. Rf5 Re7 47. Rf6+ Re6 48. Rf3 Bxd7 49. Rxd7+ Kc5 50. Rc3+ Kb4 51. Rb3+ Kc5 52. Rb7 Rg8 53. Ka3 {[%eval 47,56] [%wdl 65,934,1]}) 21. Qd4 Rf4 22. Qd6 Qxd6 {Mehr Widerstand leistet 22...Lb5 usw.} 23. Rxd6 Bb5 24. Rhd1 a5 {Leider bringt die Eroberung des c5-Bauern keine Entlastung.} (24... Bxd7 25. Rxd7 Rxc5+ 26. Kb1 h5 27. Rxa7 Rf2 28. Rg1 Rcc2 (28... Rb5 29. b3 Rd5 30. h4 $18 {und gewinnt}) 29. Rb7 Rxg2 30. Rxg2 Rxg2 31. a4 $18 {und gewinnt}) 25. Kb1 Kg8 26. Rc1 Bc6 27. Rd2 Rf5 28. g4 ({besser} 28. b3 h5 29. Kb2 h4 30. Nb6 Rc7 31. Ka3 Bb7 32. Rc4 h3 (32... Rcxc5 33. Rxh4 $18) 33. Rd8+ Kf7 (33... Kh7 34. Rh4+ Kg6 35. Rxh3 Rfxc5 36. Nc4 $18) 34. gxh3 Ke7 35. Rd2 Bc6 36. h4 Bh1 37. Rc1 Bc6 38. Rc3 g6 39. Rc1 Re5 40. Rg1 Rxc5 41. Rxg6 Kf7 42. Rg4) 28... Rg5 29. Rd4 Bxd7 30. Rxd7 Rgxc5 31. Rxc5 Rxc5 {[#] Schwarz hat in ein Turmendspiel mit einem Bauern weniger abwickeln können. Dieses Endspiel bietet keine Rettungschancen. Weiss wird am Damenflügel einen entfernten Freibauern erhalten, der unterstützt von König und Turm zur tödlichen Waffe wird. Auf dem Niveau der beiden Spielpartner ist allerdings noch nichts entschieden.} 32. h3 h5 33. gxh5 $2 $11 {Und schon vermasselt Weiss den Sieg. Verantwortlich dafür ist der schwache h3-Bauer, ein dankbares Angriffsobjekt für Schwarz.} Rxh5 34. Rd3 Kf7 35. Kc2 Ke6 36. Rg3 Kf6 37. Kc3 Rc5+ $2 {[%mdl 2] Das ***VERLIERT*** wieder. Schwarz hätte mit 37...Th4 dem weissen König den Zutritt zur 4. Reihe verwehren müssen.} ({Stockfish 17.1:} 37... Rh4 38. b3 g5 39. a4 Kf5 40. Re3 Kf4 41. Rd3 Ke5 42. Re3+ {[%eval 0,86] [%wdl 3,994,3]}) 38. Kd3 $2 {Natürlich hätte der König mit 38.Kb3 seine beiden Bauern unterstützen sollen. Nun kann Weiss nicht mehr gewinnen.} ({Stockfish 17.1:} 38. Kb3 Rb5+ 39. Ka3 Rb8 40. Rf3+ Ke6 41. Rb3 Rg8 42. Ka4 g5 43. Kxa5 Ra8+ 44. Kb6 Kf5 45. Rf3+ Ke4 46. Rg3 Rb8+ 47. Kc6 Rxb2 48. a4 Kf4 49. Ra3 Rc2+ 50. Kb5 Rb2+ 51. Kc4 Rc2+ 52. Kb4 Rb2+ 53. Rb3 Re2 54. a5 Re4+ 55. Kb5 Re5+ 56. Ka4 Rd5 {[%eval 723,39] [%wdl 1000,0,0]}) 38... Rc1 $2 $18 {[%mdl 2] Das ***VERLIERT*** wieder.} (38... g5 39. Rf3+ Ke5 40. Rg3 Kf5 41. a4 Rc8 42. b3 Kf4 43. Rg4+ Kf5 44. Rg3 Kf6 $11 {und Weiss kann keine weiteren Fortschritte mehr machen.}) 39. b3 Ra1 40. a4 Re1 41. Kd4 g6 42. Rf3+ Ke6 $2 {Das erlaubt dem Gegner einen einfachen Gewinn durch Übergang in ein leicht gewonnenes Bauernendspiel.} (42... Kg5 43. Kc4 Re5 44. Rd3 Kf4 45. Rd5 $18) 43. Re3+ $1 {Weiss packt seine Chance.} Rxe3 44. Kxe3 Ke5 45. h4 Kf5 46. b4 $1 {Der Scorpio 68000 sel. 4 findet den schnellsten Gewinnweg, opfert einen Bauern, um dann seinen a-Bauern rasch zur Umwandlung zu führen.} axb4 47. a5 {Der schwarze König befindet sich ausserhalb des Quadrats a5-a8-d8-d4 und kann somit diesen Bauern nicht aufhalten.} b3 {Nun muss der weisse König ins Quadrat b3-d3-d1-b1, um den Bauern aufzuhalten.} 48. Kd3 b2 49. Kc2 b1=Q+ 50. Kxb1 Kg4 51. a6 Kxh4 52. a7 g5 53. a8=Q g4 54. Kc2 g3 55. Kd3 Kg4 (55... Kh3 56. Qh1+ Kg4 57. Ke4 $18) 56. Ke4 Kg5 57. Qd8+ Kg6 {***AUFGEGEBEN***} 1-0